000 00577nam a22002057a 4500
001 34298
003 BD-RjUL
005 20211209052134.0
008 140515s1993 xxu||||| |||| 00| 0 eng d
035 _a(BD-RjUL)34392
040 _aBD-RjUL
_beng
_cBD-RjUL
041 _aeng
082 _a297
_bKAE 1993
100 _a Kazim, Ebrahim
_9104276
245 _aFurther essays on Islamic topics /
_cEbrahim Kazim
260 _aTrinidad and Tobago :
_bDirector, Islamic Academy,
_c1993.
300 _a150 p. ;
_c19cm.
650 _a Islam -- Doctrines.
_9104277
942 _2ddc
_cBK
999 _c34298
_d34298